| 000 -LEADER |
| fixed length control field |
01748nam a22001577a 4500 |
| 008 - FIXED-LENGTH DATA ELEMENTS--GENERAL INFORMATION |
| fixed length control field |
230421b ||||| |||| 00| 0 eng d |
| 100 ## - MAIN ENTRY--PERSONAL NAME |
| Personal name |
Dabgotra, Pankaj and Gupta, Bhawna |
| 245 ## - TITLE STATEMENT |
| Title |
Reservations for other backward classes in Jammu and Kashmir: An impact assessment |
| 260 ## - PUBLICATION, DISTRIBUTION, ETC. (IMPRINT) |
| Place of publication, distribution, etc |
Indian Journal of Public Administration |
| 300 ## - PHYSICAL DESCRIPTION |
| Extent |
69(1), Mar, 2023: p.161-175 |
| 520 ## - SUMMARY, ETC. |
| Summary, etc |
Reservation is a system of affirmative action that provides historically disadvantaged groups representation in education, employment and politics in India. This research article assesses the impact of reservations on the economic and educational condition of Other Backward Classes (OBCs) in Jammu and Kashmir (J&K). The Jammu and Kashmir Reservation Act, 2004 provided for the reservations in appointments, and admissions in professional institutions to socially and educationally backward classes of the State. The theoretical framework and historical underpinnings of reservations in India have been examined based on secondary data and a survey of OBC beneficiaries (through purposive sampling) in the Jammu district done to assess the impact on the target groups. The authors find that the present approach to reservations has shown dismal improvement in the economic and educational lots of the OBCs in J&K. There is a need for a rational criterion for identifying the beneficiaries and proportionate quantum of reservations. A holistic and integrated approach for addressing lacunas in policy will help bring the required change. – Reproduced |
| 650 ## - SUBJECT ADDED ENTRY--TOPICAL TERM |
| Topical term or geographic name as entry element |
Affirmative action, Reservations, Other backward class, Jammu and Kashmir. |
| 9 (RLIN) |
37822 |
| 773 ## - HOST ITEM ENTRY |
| Main entry heading |
Indian Journal of Public Administration |
| 906 ## - LOCAL DATA ELEMENT F, LDF (RLIN) |
| Subject DIP |
BACKWARD CLASSES |
| 942 ## - ADDED ENTRY ELEMENTS (KOHA) |
| Item type |
Articles |